[Event "15th European Team Championshi"]
[Site "?"]
[Date "2005.08.06"]
[Round "8.18"]
[White "Collins, Sam"]
[Black "Bruno, Fabio"]
[Result "0-1"]
[WhiteElo "2413"]
[BlackElo "2425"]
[PlyCount "76"]
[EventDate "2005.07.30"]

1. e4 c5 2. c3 Nf6 3. e5 Nd5 4. Nf3 e6 5. d4 cxd4 6. cxd4 d6 7. Bc4 Nc6 8. O-O
Be7 9. Qe2 O-O 10. Qe4 Bd7 11. Rd1 Rc8 12. h4 Ncb4 13. Bb3 a5 14. a4 h6 15. Bd2
dxe5 16. dxe5 Qb6 17. Nc3 Bc5 18. Rf1 f5 19. exf6 Nxf6 20. Qg6 Be8 21. Qb1 Rd8
22. Qe1 Kh8 23. Ne5 Nd3 24. Nxd3 Rxd3 25. Bc4 Rd4 26. b3 Rxh4 27. g3 Qd6 28.
Be3 Bc6 29. Bd5 Nxd5 30. gxh4 Bxe3 31. fxe3 Nxc3 32. Rxf8+ Qxf8 33. Qf2 Qb4 34.
Rf1 Qg4+ 35. Kh2 Ne4 36. Qf4 Qe2+ 37. Kg1 Nd2 38. Qf8+ Kh7 0-1

[Event "15th European Team Championshi"]
[Site "?"]
[Date "2005.08.06"]
[Round "8.18"]
[White "Contin, Daniel"]
[Black "Orr, Mark"]
[Result "0-1"]
[WhiteElo "2393"]
[BlackElo "2305"]
[PlyCount "98"]
[EventDate "2005.07.30"]

1. Nf3 d5 2. c4 e6 3. g3 Nf6 4. Bg2 Be7 5. b3 O-O 6. O-O c6 7. Bb2 Nbd7 8. Qc2
b6 9. d4 Bb7 10. Nbd2 c5 11. Rac1 Rc8 12. Qb1 Rc7 13. Rfd1 Qb8 14. cxd5 Bxd5
15. e4 Bb7 16. e5 Nd5 17. Ne4 cxd4 18. Rxc7 Qxc7 19. Rxd4 Rc8 20. Rc4 Qd8 21.
Nd4 a6 22. Qc2 Rxc4 23. bxc4 Nb4 24. Qb3 Qa8 25. f3 Bxe4 26. fxe4 Nc6 27. Nf3
Na5 28. Qc2 Qc6 29. Bf1 b5 30. Nd4 Bc5 31. Kg2 Bxd4 32. Bxd4 Nxc4 33. Bxc4 bxc4
34. Kf3 h6 35. Bb2 Qc5 36. Qc3 Nb6 37. Qd4 Qb5 38. Qd8+ Kh7 39. Bd4 Na4 40. Qc7
c3 41. Ke3 Qb2 42. Qc4 Qd2+ 43. Kf3 c2 44. Be3 Qd1+ 45. Kg2 Nb2 46. Qxa6 Nd3
47. Qa7 Qe2+ 48. Kh3 Qf1+ 49. Kg4 Nxe5+ 0-1

[Event "15th European Team Championshi"]
[Site "?"]
[Date "2005.08.07"]
[Round "9.13"]
[White "Kelly, Brian"]
[Black "San Segundo Carrillo, Pablo"]
[Result "0-1"]
[WhiteElo "2504"]
[BlackElo "2514"]
[PlyCount "70"]
[EventDate "2005.07.30"]

1. c4 Nf6 2. Nf3 e6 3. Nc3 d5 4. d4 dxc4 5. e3 a6 6. Bxc4 b5 7. Bb3 Bb7 8. O-O
c5 9. Qe2 Nbd7 10. Rd1 Qb8 11. d5 exd5 12. Nxd5 Bxd5 13. Bxd5 Nxd5 14. Rxd5 Be7
15. e4 Qb7 16. Bg5 f6 17. Bf4 O-O 18. Nh4 Nb6 19. Rd3 Rfe8 20. Nf5 Bf8 21. Re1
Re6 22. f3 Rae8 23. Red1 Qc8 24. Qf2 c4 25. R3d2 b4 26. Bd6 c3 27. Rd4 g6 28.
Bxf8 Rxf8 29. Rxb4 gxf5 30. Rxb6 c2 31. Rc1 Rd8 32. Qg3+ Kf7 33. Rxe6 Qc5+ 34.
Kf1 Qc4+ 35. Ke1 Qb4+ 0-1

[Event "15th European Team Championshi"]
[Site "?"]
[Date "2005.08.07"]
[Round "9.13"]
[White "Lopez Martinez, Josep Manuel"]
[Black "Collins, Sam"]
[Result "1-0"]
[WhiteElo "2507"]
[BlackElo "2413"]
[PlyCount "43"]
[EventDate "2005.07.30"]

1. e4 d6 2. d4 Nf6 3. Nc3 g6 4. Be3 c6 5. Qd2 b5 6. Bd3 Nbd7 7. Nf3 e5 8. dxe5
dxe5 9. h3 Bb7 10. O-O Bg7 11. a4 a6 12. Ne2 Qe7 13. Ng3 Nc5 14. axb5 cxb5 15.
b4 Ncxe4 16. Nxe4 Nxe4 17. Bxe4 Bxe4 18. Bc5 Qb7 19. Rfd1 Bf6 20. Qc3 Be7 21.
Nxe5 Bxc5 22. Nd7 1-0

[Event "15th European Team Championshi"]
[Site "?"]
[Date "2005.08.07"]
[Round "9.13"]
[White "Orr, Mark"]
[Black "Perez Candelario, Manuel"]
[Result "0-1"]
[WhiteElo "2305"]
[BlackElo "2504"]
[PlyCount "160"]
[EventDate "2005.07.30"]

1. d4 g6 2. e4 Bg7 3. Nc3 c5 4. d5 d6 5. Nf3 Nf6 6. Be2 O-O 7. O-O Na6 8. h3
Nc7 9. a4 b6 10. Bf4 Bb7 11. Re1 a6 12. Qd2 Qd7 13. Bh6 b5 14. Bxg7 Kxg7 15.
Bf1 b4 16. Nd1 Rad8 17. c4 e5 18. Nh2 Rde8 19. b3 Re7 20. Nb2 Nce8 21. Nd3 Ng8
22. g3 h5 23. Bg2 Nh6 24. f4 f6 25. fxe5 fxe5 26. Rf1 Ref7 27. Nf3 Bc8 28. Ng5
Rxf1+ 29. Rxf1 Rxf1+ 30. Bxf1 Qe7 31. Ne1 Nf6 32. Nef3 Nfg8 33. Bg2 Qf6 34. Qe3
Bd7 35. Kh1 Nf7 36. Nxf7 Qxf7 37. Kg1 Qf6 38. Ng5 a5 39. Bf3 Nh6 40. Kg2 Qe7
41. Kf2 Ng8 42. Ke1 Nf6 43. Kd2 Qe8 44. Ke1 Qh8 45. h4 Qe8 46. Bd1 Qe7 47. Bf3
Ng8 48. Bd1 Nh6 49. Be2 Qf6 50. Qf2 Qe7 51. Kd2 Ng8 52. Bd1 Nf6 53. Be2 Qf8 54.
Kd3 Kg8 55. Bd1 Qe7 56. Be2 Nh7 57. Nxh7 Kxh7 58. Qe3 Bh3 59. Qg5 Qf8 60. Qe3
Bf1 61. Kd2 Bg2 62. Kd3 Kg7 63. Qg1 Bh3 64. Qh1 Bc8 65. Qf3 Qe7 66. Qf2 Kh6 67.
Qf3 Bd7 68. Kd2 Be8 69. Qe3+ g5 70. g4 Qf6 71. gxh5 Qf4 72. hxg5+ Qxg5 73. Bd3
Bxh5 74. Bc2 Qxe3+ 75. Kxe3 Kg5 76. Kd2 Kf4 77. Kd3 Bf3 78. Kd2 Bxe4 79. Bd1
Bf3 80. Bc2 e4 0-1